[Event "Centrocoop op"]
[Site "Eforie Nord"]
[Date "2000.??.??"]
[Round "?"]
[White "Birinyi, Zoltan2222"]
[Black "Cojocaru, Adrian"]
[Result "1/2-1/2"]
[WhiteElo "2125"]
[BlackElo "1750"]
[PlyCount "39"]
[EventDate "2000.??.??"]
[EventType "swiss"]
[EventRounds "9"]
[EventCountry "ROU"]
[SourceTitle "EXT 2004"]
[Source "ChessBase"]
[SourceDate "2003.11.25"]
[SourceVersion "1"]
[SourceVersionDate "2003.11.25"]
[SourceQuality "1"]

1. e4 g6 2. g3 Bg7 3. Bg2 c5 4. d3 d6 5. f4 Nc6 6. c3 e6 7. Nf3 Nge7 8. 0-0 0-0 9. Qe2 e5 10. Na3 f5 11. Be3 b6 12. Qc2 h6 13. Rad1 Ba6 14. Rfe1 Rc8 15. Qa4 Bb7 16. Bc1 Qc7 17. Nc4 Rfe8 18. Qb3 Kh7 19. Re2 Ba6 20. Ree1 1/2-1/2

[Event "Mos Craciun Cup op "]
[Site "Romania"]
[Date "1999.??.??"]
[Round "?"]
[White "Cojocaru, Adrian"]
[Black "Bartha, Andrei"]
[Result "0-1"]
[WhiteElo "1750"]
[BlackElo "2170"]
[PlyCount "104"]
[EventDate "1999.??.??"]
[EventType "swiss"]
[EventRounds "9"]
[EventCountry "ROU"]
[SourceTitle "EXT 2004"]
[Source "ChessBase"]
[SourceDate "2003.11.25"]
[SourceVersion "1"]
[SourceVersionDate "2003.11.25"]
[SourceQuality "1"]

1. d4 Nf6 2. Nf3 g6 3. c4 Bg7 4. Nc3 d5 5. Bg5 Ne4 6. Bh4 c5 7. e3 cxd4 8. Nxe4 dxe4 9. Nxd4 0-0 10. Qd2 h6 11. Be2 g5 12. Bg3 Nc6 13. Rd1 Nxd4 14. exd4 f5 15. f4 e6 16. c5 Qf6 17. Bc4 Rd8 18. Bf2 Bd7 19. 0-0 Bc6 20. Be3 Qg6 21. Qf2 Rd7 22. Rd2 Rad8 23. Rfd1 Bd5 24. b3 Bf6 25. Rc2 Bxc4 26. Rxc4 e5 27. fxe5 Bxe5 28. Rf1 Bg7 29. Qxf5 Qxf5 30. Rxf5 Bxd4 31. Bxd4 Rxd4 32. Rxd4 Rxd4 33. Re5 Kf7 34. Kf2 Kf6 35. Re8 Rd2+ 36. Kg3 Kf5 37. Re7 h5 38. Rf7+ Ke6 39. Rxb7 h4+ 40. Kg4 Rxg2+ 41. Kh3 Rxa2 42. Rb4 Kd5 43. c6 Rc2 44. Rb5+ Kd4 45. Rxg5 e3 46. Rg4+ Kd5 47. Kxh4 Rxh2+ 48. Kg5 e2 49. Rg1 Rg2+ 50. Rxg2 e1Q 51. Rc2 Qg3+ 52. Kh5 Qxb3 0-1